Central Library OPAC University of Rajshahi

ذكرى المولد النبوي : خلاصة السيرة النبوية وحقيقة الدعوة الاسلامية ;; jikraa almawlid alnabawii : khulasat alsiyrat alnabawiat wahaqiqat aldaewat alaslamia / (Record no. 78386)

MARC details
000 -LEADER
fixed length control field 00994nam a2200229 4500
001 - CONTROL NUMBER
control field 78386
003 - CONTROL NUMBER IDENTIFIER
rucl marc code BD-RjUL
005 - DATE AND TIME OF LATEST TRANSACTION
control field 20211209083126.0
008 - FIXED-LENGTH DATA ELEMENTS--GENERAL INFORMATION
fixed length control field 210915s1945 qi ||||| |||| 00| 0cara d
035 ## - SYSTEM CONTROL NUMBER
System control number (BD-RjUL) 78612
040 ## - CATALOGING SOURCE
Original cataloging agency BD-RjUL
Language of cataloging eng
Transcribing agency BD-RjUL
041 ## - LANGUAGE CODE
Language code of text/sound track or separate title eng
082 ## - DEWEY DECIMAL CLASSIFICATION NUMBER
Edition number 23
Classification number 297.36
Author mark and year REJ 1945
100 ## - MAIN ENTRY--PERSONAL NAME
Personal name Reda, muhammad Rashid ;; رضا, حمد رشيد
Dates associated with a name ١٨٦٥-١٩٣٥
9 (RLIN) 247951
245 ## - TITLE STATEMENT
Title ذكرى المولد النبوي : خلاصة السيرة النبوية وحقيقة الدعوة الاسلامية ;; jikraa almawlid alnabawii : khulasat alsiyrat alnabawiat wahaqiqat aldaewat alaslamia /
Statement of responsibility, etc. تاليف محمد رشيد رضا ;; Muhammad Rashid Reza
260 ## - PUBLICATION, DISTRIBUTION, ETC. (IMPRINT)
Place of publication, distribution, etc. القاهرة : Cairo :
Name of publisher, distributor, etc. مطبعة المنار،;; Al Manar Press,
Date of publication, distribution, etc. 1995
300 ## - PHYSICAL DESCRIPTION
Pagination 33 p. ;
Size 24 cm
600 ## - SUBJECT ADDED ENTRY--PERSONAL NAME
Personal name Muḥammad,( S)
Dates associated with a name 632
650 ## - SUBJECT ADDED ENTRY--TOPICAL TERM
Topical term or geographic name as entry element Muḥammad,
Form subdivision Prophet,(s)
General subdivision Biography
Chronological subdivision 632.
9 (RLIN) 247953
Topical term or geographic name as entry element mawlid al - nabawii
9 (RLIN) 247956
942 ## - ADDED ENTRY ELEMENTS (KOHA)
Source of classification or shelving scheme Dewey Decimal Classification
Koha item type Books
Holdings
Lost status Source of classification or shelving scheme Damaged status Not for loan Collection code Permanent Location Current Location Shelving location Date acquired Total Checkouts Full call number Date last seen Copy number Koha item type
  Dewey Decimal Classification   Not For Loan Non-fiction Central Library, University of Rajshahi Central Library, University of Rajshahi Reading Room 15/09/2021   A 297.36 REJ 1945 15/09/2021 C-1 Books